Statistics for 2022 Formula One Race Winners

Click here to take the quiz!

General Stats

  • This quiz has been taken 47 times
  • The average score is 21 of 22

Answer Stats

RaceWinner% Correct
BahrainCharles Leclerc
100%
AustraliaCharles Leclerc
100%
Saudi ArabiaMax Verstappen
100%
MexicoMax Verstappen
98%
JapanMax Verstappen
98%
MonzaMax Verstappen
98%
BelgiumMax Verstappen
98%
FranceMax Verstappen
98%
BakuMax Verstappen
98%
SpainMax Verstappen
98%
ImolaMax Verstappen
98%
Abu DhabiMax Verstappen
98%
AustriaCharles Leclerc
95%
CanadaMax Verstappen
95%
HungaryMax Verstappen
95%
ZandvoortMax Verstappen
95%
MiamiMax Verstappen
95%
USAMax Verstappen
95%
MonacoSergio Perez
95%
SingaporeSergio Perez
95%
UKCarlos Sainz
90%
BrazilGeorge Russell
88%

Score Distribution

Percentile by Number Answered

Percent of People with Each Score

Your Score History

You have not taken this quiz